000 00455nam a2200181Ia 4500
008 131103s9999 xx 000 0 und d
040 _aLoreto College
041 _aEnglish
082 _aF/RAY
_bLCBED/9265
100 _aRay, Satyajit
245 _aPhatik chand
_cSatyajit Ray
260 _aNew delhi
_bOrient
_c1983
300 _a108p.
_c 22cm.
650 _aEnglish fiction
651 _aEnglish literature
850 _aLCBED/F/RAY
942 _cBK
999 _c33216
_d83695